Draw A Pixel Picture III Quiz Stats

Quiz Updated Jun 20, 2017

Challenge
Share
Tweet
Score 0/108 Timer 07:00
9 Plays Today
% Correct
???
68.6%
???
65.3%
???
63.6%
???
63.4%
???
62.6%
???
61.8%
???
61.8%
???
60.8%
???
60.1%
???
60%
???
59.9%
???
59.1%
???
59.1%
???
58.9%
???
58.5%
???
58.4%
???
58.3%
???
57.9%
???
57.7%
???
57.4%
???
57.2%
???
57.1%
???
57.1%
???
57.1%
???
57%
???
56.8%
???
56.3%
???
56.2%
???
56.2%
???
56.1%
???
55.9%
???
55.9%
???
55.8%
???
55.8%
???
55.7%
???
55.7%
% Correct
???
55.6%
???
55.5%
???
55.5%
???
55.3%
???
55.3%
???
55.1%
???
55.1%
???
55%
???
54.8%
???
54.4%
???
54.4%
???
54.3%
???
54.3%
???
54.3%
???
54.2%
???
54.2%
???
54.1%
???
54%
???
53.5%
???
53.5%
???
53.4%
???
53.4%
???
53.3%
???
53.2%
???
53.2%
???
53.2%
???
53%
???
52.8%
???
52.7%
???
52.7%
???
52.7%
???
52.4%
???
52.4%
???
52.3%
???
52.2%
???
52.2%
% Correct
???
52.1%
???
51.9%
???
51.7%
???
51.7%
???
51.4%
???
51.4%
???
51.1%
???
51.1%
???
50.6%
???
50.3%
???
50.1%
???
50%
???
50%
???
50%
???
49.8%
???
49.8%
???
49.7%
???
49.7%
???
49.6%
???
49.6%
???
49.3%
???
49%
???
49%
???
48.7%
???
48.7%
???
48.2%
???
48.2%
???
47.8%
???
47.4%
???
47.4%
???
47.3%
???
47.3%
???
47.2%
???
46.8%
???
46.6%
???
45.8%

You're not logged in!

Compare scores with friends on all Sporcle quizzes.
Sign Up with Email
OR
Log In

You Might Also Like...

Show Comments

Extras

Top Quizzes Today


Score Distribution

Your Account Isn't Verified!

In order to create a playlist on Sporcle, you need to verify the email address you used during registration. Go to your Sporcle Settings to finish the process.